Actitudes positivas en la enseñanza
Guardat en:
| Autor principal: | |
|---|---|
| Format: | Llibre |
| Idioma: | espanyol |
| Publicat: |
Ciudad de México
Centro Regional de Ayuda Técnica
1971
|
| Matèries: | |
| Etiquetes: |
Afegir etiqueta
Sense etiquetes, Sigues el primer a etiquetar aquest registre!
|
MARC
| LEADER | 00000nam a2200000 a 4500 | ||
|---|---|---|---|
| 001 | UCY8424 | ||
| 003 | CL-VaPUC | ||
| 008 | 950703e19710000MX |||||||||||||||||spa|d | ||
| 082 | 0 | 4 | |a 371.3 |b MAG |2 21 |
| 100 | |a Mager, Robert F. |e autor |9 554736 | ||
| 245 | 1 | 0 | |a Actitudes positivas en la enseñanza |
| 300 | |a 124 p | ||
| 942 | |c BK | ||
| 945 | |d 19950703 00:00:00 |a mfernand | ||
| 260 | |a Ciudad de México |b Centro Regional de Ayuda Técnica |c 1971 | ||
| 650 | 0 | |a Métodos de enseñanza |9 270413 | |
| 650 | 7 | |a RELACION DOCENTE ALUMNO |2 CL-VaPUC |9 307734 | |
| 650 | 7 | |a METAS DE LA EDUCACION |2 CL-VaPUC |9 309160 | |
| 650 | 0 | |a Motivación |9 315362 | |
| 583 | |a last modification |c 20170926 09:31:09 |k Rodrigo Vera | ||
| 999 | |c 235665 |d 235663 | ||
| 952 | |0 0 |1 0 |4 0 |6 371_300000000000000_MAG_1971 |7 0 |8 P |9 243230 |a BIBEDU |b BIBEDU |c BIBEDU_PB |d 2019-11-18 |i 1525468 |o 371.3 MAG 1971 |p 1525468 |r 2024-01-25 |w 2019-11-18 |y BK |k EDU | ||
| 952 | |0 0 |1 0 |4 0 |6 371_300000000000000_MAG_1971 |7 0 |8 P |9 243231 |a BIBEDU |b BIBEDU |c BIBEDU_PB |d 2019-11-18 |i 1525476 |o 371.3 MAG 1971 |p 1525476 |r 2024-01-25 |w 2019-11-18 |y BK |k EDU | ||